[Event "Hamburger Einzelturniere 2005"]
[Site "Hamburg"]
[Date "2005.09.04"]
[Round "7.5"]
[White "Lochmann, Viktor"]
[Black "Homm, Marc-Michael"]
[Result "1-0"]
[WhiteElo "1773"]
[BlackElo "2055"]
[PlyCount "73"]
[EventDate "2005.??.??"]

1. e4 c5 2. Nc3 Nc6 3. f4 e6 4. Nf3 d5 5. d3 d4 6. Ne2 g6 7. g3 Bg7 8. Bg2 Nf6
9. c4 dxc3 10. bxc3 O-O 11. O-O b6 12. Qc2 Bb7 13. Rd1 Rc8 14. Rb1 Rc7 15. h3
Rd7 16. Be3 Na5 17. Ne5 Rc7 18. g4 Qa8 19. Ng3 Rd8 20. Kh2 Nd7 21. Nf3 h6 22.
f5 exf5 23. gxf5 g5 24. Nh5 f6 25. Nxg7 Kxg7 26. Rh1 c4 27. Nd4 Nc5 28. Qe2 Kh7
29. Qh5 Rg7 30. h4 Qb8+ 31. Kg1 Kg8 32. hxg5 hxg5 33. Ne6 Nxe6 34. fxe6 Kf8 35.
Qh8+ Ke7 36. Qxg7+ Kd6 37. Qxf6 1-0

[Event "Hamburger Einzelturniere 2005"]
[Site "Hamburg"]
[Date "2005.09.04"]
[Round "7.6"]
[White "Schütt, Wilhelm"]
[Black "Sellack, Helmut"]
[Result "1-0"]
[WhiteElo "2102"]
[BlackElo "1970"]
[PlyCount "126"]
[EventDate "2005.??.??"]

1. e4 e6 2. d4 d5 3. Nd2 Nf6 4. e5 Nfd7 5. f4 c5 6. Ndf3 Nc6 7. Ne2 Qb6 8. c3
cxd4 9. cxd4 Bb4+ 10. Bd2 Bxd2+ 11. Qxd2 f6 12. g3 fxe5 13. fxe5 Qb4 14. Bh3
Qxd2+ 15. Kxd2 Nf8 16. Rhf1 Bd7 17. Ng5 Nd8 18. Nf4 h6 19. Nf3 g6 20. Rf2 Rg8
21. Bf1 Ke7 22. Bd3 Be8 23. Rc1 Nc6 24. Bb5 a6 25. Bxc6 bxc6 26. Rc3 Rb8 27.
Nd3 g5 28. Nfe1 a5 29. Ra3 Rb5 30. Kc3 Nd7 31. Rb3 Nb6 32. Nc5 a4 33. Rxb5 cxb5
34. Nc2 Nc4 35. b3 axb3 36. axb3 Na5 37. Nb4 Rg6 38. Ra2 Nc6 39. Nxc6+ Bxc6 40.
Ra7+ Kd8 41. Kb4 Be8 42. Rh7 Bc6 43. Ka5 h5 44. Rxh5 Ke7 45. Rh7+ Kf8 46. g4
Be8 47. b4 Kg8 48. Re7 Kf8 49. Rxe6 Rg7 50. Rf6+ Ke7 51. Rf5 Rg6 52. e6 Kd6 53.
Kb6 Rg8 54. Re5 Rg7 55. e7 Rg6 56. Nb7+ Kd7+ 57. Kc5 Rc6+ 58. Kxd5 Bf7+ 59. Ke4
Bg6+ 60. Kf3 Rc3+ 61. Re3 Rc4 62. e8=Q+ Bxe8 63. Rxe8 Rxd4 1-0

[Event "Hamburger Einzelturniere 2005"]
[Site "Hamburg"]
[Date "2005.09.04"]
[Round "7.7"]
[White "Fraas, Henning"]
[Black "Graffenberger, Wilhelm"]
[Result "1-0"]
[WhiteElo "2125"]
[BlackElo "1754"]
[PlyCount "83"]
[EventDate "2005.??.??"]

1. d4 d5 2. Bg5 h6 3. Bh4 Nc6 4. e3 g5 5. Bg3 Bf5 6. Be2 Nf6 7. Nf3 Ne4 8. c3
Nxg3 9. fxg3 Bg7 10. O-O Qd7 11. b4 a6 12. Nbd2 O-O 13. Nb3 b6 14. Rf2 Bg6 15.
a4 Qe6 16. Qd2 Qe4 17. Ne1 e5 18. Bf3 Qf5 19. Bxd5 Qd7 20. e4 Rad8 21. Nf3 exd4
22. cxd4 Ne7 23. Bb7 c5 24. Bxa6 cxd4 25. Bd3 Nc6 26. a5 bxa5 27. bxa5 Qa7 28.
Rc1 Ne5 29. Nxe5 Bxe5 30. Rc6 Rd6 31. Rc5 Bg7 32. Qc2 Re8 33. Nd2 Rde6 34. Qc4
Bf8 35. Rd5 Bg7 36. Qa4 Re5 37. Rxe5 Rxe5 38. Nc4 Re6 39. Nd2 Re5 40. a6 Rc5
41. Nc4 Rc6 42. Qxc6 1-0

[Event "Hamburger Einzelturniere 2005"]
[Site "Hamburg"]
[Date "2005.09.04"]
[Round "7.8"]
[White "Kuhle, Sebastian"]
[Black "Schroeder, Gerhard"]
[Result "1/2-1/2"]
[WhiteElo "1813"]
[BlackElo "2040"]
[PlyCount "87"]
[EventDate "2005.??.??"]

1. d4 Nf6 2. c4 e6 3. Nc3 c5 4. d5 exd5 5. cxd5 g6 6. e4 d6 7. f4 Bg7 8. Bb5+
Nbd7 9. e5 Nh5 10. e6 Qh4+ 11. g3 Nxg3 12. hxg3 Qxh1 13. Kd2 a6 14. exd7+ Bxd7
15. Bxd7+ Kxd7 16. Nge2 Qg2 17. Kc2 Rhe8 18. Bd2 Re7 19. Qf1 Qxf1 20. Rxf1 Rae8
21. Ng1 f5 22. Nf3 Bf6 23. Rf2 b5 24. Kd1 Kc7 25. b3 Kb6 26. Ne2 a5 27. Ng5 b4
28. Ne6 h5 29. Ng1 a4 30. Nf3 axb3 31. axb3 Ra7 32. Bc1 Ra1 33. Nd2 Kb7 34. Nc4
Ra6 35. Re2 Kc8 36. Ke1 Kd7 37. Kf2 Bc3 38. Be3 Rc8 39. Kg2 Bf6 40. Bf2 Bc3 41.
Kf3 Bf6 42. Bg1 Bc3 43. Ng5 Re8 44. Ne6 1/2-1/2

[Event "Hamburger Einzelturniere 2005"]
[Site "Hamburg"]
[Date "2005.09.04"]
[Round "7.9"]
[White "Schulz, Hans-Juergen"]
[Black "Becker-Bertau, Friedrich"]
[Result "1/2-1/2"]
[WhiteElo "2034"]
[BlackElo "1859"]
[PlyCount "45"]
[EventDate "2005.??.??"]

1. e4 c5 2. b4 cxb4 3. Bb2 Nc6 4. d4 d5 5. exd5 Qxd5 6. c4 Qe4+ 7. Be2 Bf5 8.
Nf3 Qc2 9. Qxc2 Bxc2 10. Nbd2 Nf6 11. d5 Na5 12. O-O e6 13. Nd4 Bf5 14. Nxf5
exf5 15. Bd3 Ne4 16. Rfe1 O-O-O 17. Nxe4 fxe4 18. Rxe4 b5 19. cxb5 Rxd5 20. Re3
Bc5 21. Rc1 Rhd8 22. Be2 Kb7 23. Re5 1/2-1/2

[Event "Hamburger Einzelturniere 2005"]
[Site "Hamburg"]
[Date "2005.09.04"]
[Round "7.10"]
[White "Szudra, Heinz-Werner"]
[Black "Olschok, Juergen"]
[Result "1/2-1/2"]
[WhiteElo "2016"]
[BlackElo "1660"]
[PlyCount "44"]
[EventDate "2005.??.??"]

1. Nf3 f5 2. e4 e5 3. Bc4 Nf6 4. Nc3 Nc6 5. d4 exd4 6. Nxd4 fxe4 7. Bg5 Bb4 8.
Nxc6 Bxc3+ 9. bxc3 bxc6 10. O-O d5 11. Bb3 O-O 12. Qd4 Qd6 13. Bxf6 Rxf6 14. c4
Rh6 15. g3 Qe6 16. cxd5 Qh3 17. dxc6+ Be6 18. Bxe6+ Rxe6 19. Rad1 Rh6 20. Qd5+
Kf8 21. Qc5+ Kg8 22. Qd5+ Kf8 1/2-1/2

[Event "Hamburger Einzelturniere 2005"]
[Site "Hamburg"]
[Date "2005.09.04"]
[Round "7.11"]
[White "Hauser, Christow"]
[Black "Winnicki, Alice"]
[Result "0-1"]
[WhiteElo "1592"]
[BlackElo "2092"]
[PlyCount "78"]
[EventDate "2005.??.??"]

1. Nf3 c5 2. b3 d5 3. e3 Nf6 4. Bb2 e6 5. d3 Be7 6. Nbd2 O-O 7. c4 b6 8. d4 Bb7
9. Qc2 Nc6 10. a3 Qc7 11. dxc5 bxc5 12. Be2 Rfd8 13. Ng5 d4 14. O-O Ne5 15.
exd4 cxd4 16. Bd3 h6 17. Nge4 Nfg4 18. h3 Nxd3 19. hxg4 Nxb2 20. Qxb2 Qf4 21.
f3 f5 22. Nf2 Bd6 23. Rfe1 Qh2+ 24. Kf1 Be5 25. gxf5 exf5 26. b4 Rd6 27. c5 Rg6
28. Qb3+ Kh8 29. g4 Bg3 30. Re2 Bxf2 31. Rxf2 Qh1+ 32. Ke2 Re8+ 33. Kd3 Qxa1
34. Re2 Ba6+ 35. b5 Bxb5+ 36. Nc4 Bxc4+ 37. Kxc4 Rxe2 38. Qb8+ Kh7 39. gxf5
Qc3+ 0-1

[Event "Hamburger Einzelturniere 2005"]
[Site "Hamburg"]
[Date "2005.09.04"]
[Round "7.12"]
[White "Mueller, Joerg"]
[Black "Kock, Rudolph"]
[Result "1-0"]
[WhiteElo "2056"]
[BlackElo "1545"]
[PlyCount "85"]
[EventDate "2005.??.??"]

1. e4 c5 2. Nf3 Nc6 3. d4 cxd4 4. Nxd4 g6 5. Nc3 a6 6. Be3 Bg7 7. Qd2 Nxd4 8.
Bxd4 e5 9. Bc5 Bh6 10. Qd6 Qf6 11. Nd5 Qxd6 12. Bxd6 Ra7 13. Bxe5 f6 14. Bd4 b6
15. Bxb6 Rb7 16. Bd4 Kf7 17. Bxa6 Rb8 18. Bc4 d6 19. Nxf6+ Be6 20. Nd5 Bg7 21.
Bxg7 Kxg7 22. O-O-O Nh6 23. f3 Nf7 24. Bb3 Rhc8 25. Ne7 Bxb3 26. Nxc8 Bxa2 27.
Nxd6 Ne5 28. b3 Bxb3 29. cxb3 Rxb3 30. Kc2 Rb6 31. Rd5 Rc6+ 32. Kb3 Rb6+ 33.
Ka4 Nc6 34. Nb5 Ra6+ 35. Kb3 Na5+ 36. Kb4 Nc6+ 37. Kc5 Ne7 38. Rd7 Kf7 39. Rhd1
Rc6+ 40. Kb4 Re6 41. Nc7 Rb6+ 42. Ka5 Rb2 43. Nd5 1-0

[Event "Hamburger Einzelturniere 2005"]
[Site "Hamburg"]
[Date "2005.09.04"]
[Round "7.14"]
[White "Bock, Oliver"]
[Black "Diehl, Walter"]
[Result "1/2-1/2"]
[WhiteElo "1692"]
[BlackElo "1752"]
[PlyCount "61"]
[EventDate "2005.??.??"]

1. d4 Nf6 2. Nf3 e6 3. e3 c5 4. Bd3 d5 5. c3 Nc6 6. O-O Be7 7. Nbd2 Qc7 8. Qe2
O-O 9. dxc5 Bxc5 10. e4 dxe4 11. Nxe4 Be7 12. Bg5 Nxe4 13. Qxe4 g6 14. Bf4 Bd6
15. Bxd6 Qxd6 16. Rad1 Qc7 17. Bb5 Bd7 18. Nd4 Nxd4 19. Bxd7 Nf5 20. Rd2 Nd6
21. Qf4 Qxd7 22. Rxd6 Qb5 23. Qd2 Rac8 24. g3 Rc6 25. Rd7 a5 26. Rd1 b6 27. Rb7
Rc5 28. Rd7 Rd5 29. Rxd5 exd5 30. b3 Qc6 31. Qxd5 1/2-1/2

[Event "Hamburger Einzelturniere 2005"]
[Site "Hamburg"]
[Date "2005.09.04"]
[Round "7.16"]
[White "Biermann, Helge"]
[Black "Holzweißig, Hans-Joachim"]
[Result "1-0"]
[WhiteElo "1762"]
[BlackElo "1732"]
[PlyCount "79"]
[EventDate "2005.??.??"]

1. c4 g6 2. d4 Bg7 3. Nf3 d6 4. Nc3 Nd7 5. Qc2 e5 6. e3 Ne7 7. Be2 O-O 8. O-O
a6 9. Rd1 Qe8 10. Nd5 Nxd5 11. cxd5 Qd8 12. dxe5 Nxe5 13. h3 Nxf3+ 14. Bxf3 Bd7
15. Bd2 Rc8 16. Qb3 b6 17. Rac1 Qe8 18. Rc4 b5 19. Rcc1 Qe7 20. Ba5 Qg5 21. Kf1
Be5 22. Bxc7 Qf6 23. Bg4 Bxg4 24. hxg4 Qh4 25. f4 Qh1+ 26. Kf2 Qh4+ 27. Kg1 f5
28. g5 Bxf4 29. exf4 Qxf4 30. Rc6 Qxg5 31. Bxd6 Rfe8 32. Rxc8 Rxc8 33. Bb4 Rc4
34. d6 Qd8 35. Rc1 Qb6+ 36. Kf1 Qd4 37. Rd1 Qf4+ 38. Kg1 Qh4 39. d7 Qd8 40. Ba5
1-0

[Event "Hamburger Einzelturniere 2005"]
[Site "Hamburg"]
[Date "2005.09.04"]
[Round "7.17"]
[White "Diz Suarez, Carlos"]
[Black "Ristic, Sreten"]
[Result "0-1"]
[WhiteElo "1659"]
[BlackElo "1942"]
[PlyCount "130"]
[EventDate "2005.??.??"]

1. e4 d5 2. exd5 Qxd5 3. d4 Nc6 4. Nc3 Qxd4 5. Be3 Qxd1+ 6. Rxd1 Bd7 7. Nf3
O-O-O 8. Bc4 e6 9. O-O h6 10. Nb5 a6 11. Na7+ Nxa7 12. Bxa7 Bd6 13. Bd4 f6 14.
Rfe1 e5 15. Bc3 Ne7 16. Nd2 Bg4 17. f3 Bf5 18. Ne4 Kb8 19. Nxd6 cxd6 20. Bb4
Kc7 21. Rd2 h5 22. Red1 Nc8 23. Ba5+ b6 24. Bb4 a5 25. Ba3 Kc6 26. Ba6 d5 27.
Bxc8 Bxc8 28. c3 b5 29. b4 a4 30. Re2 h4 31. Bc1 h3 32. g3 Bf5 33. Be3 g5 34.
Red2 Rd7 35. Kf2 g4 36. f4 Be4 37. a3 Rh5 38. Kg1 Kd6 39. Bc5+ Ke6 40. fxe5
fxe5 41. Rf1 Bf3 42. Re1 Rf7 43. Rf2 Rhf5 44. Bd4 Rc7 45. Bc5 Rc6 46. Rff1 Rf7
47. Bd4 Rf5 48. Bc5 Kd7 49. Rf2 Rxc5 50. bxc5 Kc6 51. Re3 Kxc5 52. Kf1 Kc4 53.
Ke1 e4 54. Kd2 Rf7 55. Kc1 d4 56. cxd4 Kxd4 57. Re1 e3 58. Rb2 Rf5 59. Rc2 Kd3
60. Kb2 e2 61. Kc1 Ke3 62. Kb2 Kf2 63. Rcc1 Rd5 64. Kc3 Rd1 65. Rxe2+ Bxe2 0-1

[Event "Hamburger Einzelturniere 2005"]
[Site "Hamburg"]
[Date "2005.09.04"]
[Round "7.18"]
[White "Jachinski, Ronald"]
[Black "Müller, Hartmut Dieter"]
[Result "1/2-1/2"]
[WhiteElo "1456"]
[BlackElo "1481"]
[PlyCount "110"]
[EventDate "2005.??.??"]

1. Nf3 c5 2. e3 Nf6 3. b3 d6 4. d3 e5 5. Nbd2 Be7 6. Be2 Qa5 7. Bb2 O-O 8. O-O
Nc6 9. c3 b5 10. a3 Qc7 11. Rc1 Bb7 12. b4 c4 13. dxc4 bxc4 14. Bxc4 e4 15. Nd4
Nxd4 16. cxd4 Qd7 17. Be2 d5 18. Qc2 Rac8 19. Qb1 Bd6 20. Rxc8 Bxc8 21. h3 Qf5
22. Rc1 Be6 23. Nf1 Qg6 24. Kh1 h5 25. f3 h4 26. f4 Nh5 27. Bxh5 Qxh5 28. Qc2
Bc8 29. Qf2 Bb8 30. Bc3 f6 31. Be1 g5 32. Bd2 g4 33. Qe2 Qg6 34. Be1 gxh3 35.
gxh3 Bxh3 36. Nh2 Qh7 37. Bd2 Kh8 38. Rg1 Rg8 39. Rxg8+ Kxg8 40. Be1 Bd6 41.
Qf2 Qg7 42. Qg1 Qxg1+ 43. Kxg1 Bd7 44. Bxh4 f5 45. Kf2 Bb5 46. Nf1 a5 47. Ng3
Bd7 48. Nh5 axb4 49. axb4 Kf7 50. Ng3 Bxb4 51. Ne2 Bd2 52. Bd8 Kg6 53. Ng3 Bb5
54. Bh4 Bc1 55. Be7 Bd2 1/2-1/2

[Event "Hamburger Einzelturniere 2005"]
[Site "Hamburg"]
[Date "2005.09.04"]
[Round "7.20"]
[White "Tost, Günther"]
[Black "Kolster, Jascha"]
[Result "1-0"]
[WhiteElo "1483"]
[BlackElo "1146"]
[PlyCount "21"]
[EventDate "2005.??.??"]

1. d4 d5 2. e4 dxe4 3. Nc3 e5 4. Nxe4 Qxd4 5. Bd3 Bf5 6. Nf3 Qd7 7. Nxe5 Qe6 8.
Bf4 Bxe4 9. Bxe4 f6 10. Bd5 Qe7 11. Bf7+ 1-0